000 00679cab a2200217 4500
001 WB3015-41
008 090401t1994 xxu||||| |||| 00| 0 eng d
035 _a(Sirsi) u30427
041 _aeng
245 _aNew planning department
260 _c1994
350 _a0
490 _aEstates News
_v4(32) April 1994, 7(1)
520 _aIn an attempt to increase efficiency the Chief Architect`s Office has set up a separate planning department to issue all approvals and permits for development in Prague.
650 _aCZECH REPUBLIC
650 _aDEVELOPMENT PERMITS
650 _aPLANNING DEPARTMENT
690 _aOVERSEAS-EUROPE
942 _n0
948 _c04/03/1997
999 _c20509
_d20509